00306nam a22001217a 4500020001800000100001900018245004100037260003600078300001200114650002300126650002000149650001500169 a9781666889154 aBaxter, Thomas aLinear algebra a modern introduction aWilmingtonbKaufman pressc2022 axii+329 aLaplace transforms aBinary relation aLinear map